| 000 | 00937nam a22002417a 4500 | ||
|---|---|---|---|
| 999 |
_c63608 _d63608 |
||
| 005 | 20240530110650.0 | ||
| 008 | 171210s2016 su a g b 000 0 ara d | ||
| 017 |
_a1436/7177 _bالسعودية . مكتبة الملك فهد الوطنية |
||
| 020 | _a9786039069430 | ||
| 040 |
_aEG-CaGPL _cEG-CaGPL |
||
| 082 | 0 | 4 |
_221 _a362.2\ _bف ق |
| 100 | 0 | _aفوزية عبدالله الجلامدة | |
| 245 | 1 | 0 |
_aقضايا و مشكلات الاطفال ذوى طيف التوحد / _cفوزية عبدالله الجلامدة . |
| 250 | _aط.1 | ||
| 260 |
_aالرياض : _bدار الزهراء ، _c2016 . |
||
| 300 |
_a440 ص. ؛ _c24 سم. |
||
| 504 | _aيشتمل على ارجاعات ببليوجرافية | ||
| 650 | 0 | 7 |
_2qrmak _aالتوحد |
| 650 | 0 | 7 |
_2qrmak _aالاطفال المعوقون |
| 650 | 0 | 7 |
_2qrmak _aالطفل التوحدى |
| 942 |
_2ddc _cBK |
||